000 00795nam a2200253Ia 4500
999 _c55501
_d55501
001 22583
003 GE_BSU
005 20230330154227.0
008 181216s ||||-ge|||||||||||||| ||ger||
020 _a9783195019026
040 _cGE_BSU
041 _afre
080 _a811.112.1 H-11
100 _aHabersack, Charlotte
_917371
245 _aMenschen A2.2 :
_bDeutsch als Fremdsprache Kursbuch /
_cCharlotte Habersack, Aangela Pude, Franz Specht.
264 _aMunchen :
_bHueber Verlag,
_c2013.
300 _a97p. :
_bill ;
_c29cm.
_e+1DVD-Rom.A2.2
541 _h42gel.
653 _aMenschen A2.2 - Deutsch als Fremdsprache Kursbuch
653 _aგერმანული ენა
700 _aPude, Aangela
_eby
_917384
700 _aSpecht, Franz
_eby
_917378
942 _cBK
_2udc